000 00655nam a2200193 a 4500
999 _c5062
_d5062
001 5062
003 CDMR
005 20241205170409.0
008 130130s1999||||||||||||||||||||||||||||d
040 _aCDMR
_bcat
_cCPC LLEIDA
245 0 3 _aLa premsa i el sud
_b: informació, reptes i esquerdes : mostres de recerca, materials d'aprenentage
_c/ [coordinat per Xavier Giró]
260 _aBarcelona :
_bSOLC,
_c1999
300 _a180 p.
_c; 30 cm
650 0 4 _92799
_aPeriodisme
_xAspectes socials
650 0 4 _93832
_aNord i Sud
_xCobertura periodística
650 0 4 _94335
_aOrganitzacions no governamentals
700 1 _9415
_aGiró, Xavier
942 _cMON
_2ddc